The performance of tree planting in Kitwe district: a case study (Record no. 81793)

MARC details
000 -LEADER
fixed length control field 00698nam a2200181 a 4500
008 - FIXED-LENGTH DATA ELEMENTS--GENERAL INFORMATION
fixed length control field 170126s2013 ||||||||||||||||| || u
050 ## - LIBRARY OF CONGRESS CALL NUMBER
Classification number CBU-UG THESIS/ASU
100 ## - MAIN ENTRY--PERSONAL NAME
Personal name Asumani, Arthur
245 14 - TITLE STATEMENT
Title The performance of tree planting in Kitwe district: a case study
Statement of responsibility, etc by Arthur Asumani
260 ## - PUBLICATION, DISTRIBUTION, ETC. (IMPRINT)
Place of publication, distribution, etc Kitwe
Name of publisher, distributor, etc Copperbelt University
Date of publication, distribution, etc 2013
300 ## - PHYSICAL DESCRIPTION
Extent ix, 53p.: ill.
500 ## - GENERAL NOTE
General note Bibliography
650 ## - SUBJECT ADDED ENTRY--TOPICAL TERM
Topical term or geographic name as entry element FORESTS AND FORESTRY--RESEARCH--ZAMBIA
650 ## - SUBJECT ADDED ENTRY--TOPICAL TERM
Topical term or geographic name as entry element AGROFORESTRY--ZAMBIA
650 #0 - SUBJECT ADDED ENTRY--TOPICAL TERM
Topical term or geographic name as entry element FOREST CONSERVATION
650 ## - SUBJECT ADDED ENTRY--TOPICAL TERM
Topical term or geographic name as entry element TREE PLANTING--TROPICS
995 ## - RECOMMENDATION 995 [LOCAL, UNIMARC FRANCE]
-- CBU-MAIN LIBRARY (Kitwe)
-- 2
-- AVAILABLE
-- Jul 27, 2020
-- University Collection
Holdings
Withdrawn status Lost status Source of classification or shelving scheme Damaged status Not for loan Permanent Location Current Location Shelving location Date acquired Total Checkouts Full call number Barcode Date last seen Copy number Price effective from Koha item type
          CBU-MAIN LIBRARY, KITWE. CBU-MAIN LIBRARY, KITWE.   09/05/2023   CBU-UG THESIS/ASU B4212 09/05/2023 1 09/05/2023 SPECIAL COLLECTION